| 000 | 01020nam a22002417i 4500 | ||
|---|---|---|---|
| 999 |
_c22741 _d22741 |
||
| 003 | AR-CdUCM | ||
| 008 | 231025b20202020pe ad||| |||| 001 0 spa d | ||
| 040 |
_aMUNICIPALIDAD PROVINCIAL DEL CUSCO _cBIBLIOTECA MUNICIPAL DEL CUSCO |
||
| 041 | _hspa | ||
| 082 |
_a511.3 / C81 _bC81 |
||
| 100 |
_aCornejo Rosell, Hugo _920993 |
||
| 245 | _aTópicos de Razonamiento Matemático / | ||
| 260 |
_aCusco : _bCarpeta Rota, _c2020. |
||
| 300 |
_a608 páginas. : _c21 cm. _bilustraciones; |
||
| 505 | _aSucesiones numéricas -- Alfanuméricas -- Series gráficas -- Razonamiento lógico analítico -- Analogías numéricas -- Espacio visual -- Razonamiento inductivo deductivo -- Cronometría -- Razonamiento estadístico descriptivo -- Medidas de variabilidad | ||
| 650 |
_aRazonamiento sistemático _949042 |
||
| 650 |
_aSecuencia - diferencia _949043 |
||
| 650 |
_a Inductivo - deductivo _949044 |
||
| 650 |
_aConteo de ángulos _949045 |
||
| 650 |
_aCronometría _949046 |
||
| 942 |
_2ddc _cLIBROS |
||
| 945 |
_apebm _d2023-10-25 |
||